000 00304nam a22001337a 4500
008 170623b xxu||||| |||| 00| 0 eng d
020 _a0907582710
041 _aeng
080 _a94
100 _a16
101 _aSHH
245 _aINDUSTRIAL RELATIONS IN WEST GERMANY
_cBERGHAHN,V.R
942 _2udc
_cBK
999 _c18936
_d18936